| 000 | 00796nam a2200181 a 4500 | ||
|---|---|---|---|
| 001 | 000027910 | ||
| 005 | 20200930031208.0 | ||
| 008 | 110405s2012 sp a 000 0 spa d | ||
| 040 |
_aDO-SdBNP _bspa _cBNPHU |
||
| 082 | _a9788495818850 | ||
| 245 | 0 | 0 |
_aCinco formas de curar enfermedades y malestares cotidianos / _cVíctor Sierpina ... [et al.]. |
| 246 | 0 | 4 | _aTratamientos fáciles y efectivos para los problemas de salud más comunes |
| 260 |
_aEspaña : _bEdiciones Daly, _c2012. |
||
| 300 |
_a313 p. : _bil. ; _c33 cm. |
||
| 500 | _aA la cabeza del título: tratamientos fáciles y efectivos para los problemas de salud más comunes | ||
| 505 | 0 |
_gMedicina convencional _gHomeopatía _gHierbas medicinales _gMedicina china tradicional _gMedicina natural |
|
| 700 | 1 |
_aSierpina, Víctor _eed. _954974 |
|
| 999 |
_c27402 _d27402 |
||